000 01614nam0a22003251 4500
001 rc\4530589
005 20130416181714.3
021 _aRU
_b[58-69880]
035 _a(NLR Aleph) 008629392
090 _a8872705
_c8872705
100 _a20130416d1959 |||y0rusy50 ca
101 0 _arus
102 _aRU
105 _aa z |||||
200 1 _aАвтомат КУМА-5 для импульсно-дуговой наплавки и сварки
_fГос. науч.-техн. ком-т Совета Министров СССР. Акад. наук СССР. Филиал Всесоюз. ин-та науч. и техн. информации
210 _aМосква
_cБ. и.
_d1959
215 _a15 с.
_cил.
_d26
225 1 _aПередовой научно-технический и производственный опыт
_vТема 12
_iСварка, резка, пайка, наплавка и металлизация
_v№ М-59-53/3
300 _aПеред загл. авт.: Г.П. Клековкин, И.Е. Ульман, К.Н. Мышков
606 _aЭлектросварка импульсная
_2psbo
606 _aЭлектроимпульсные автоматы
_2psbo
606 _aНаплавка электроимпульсная
_2psbo
700 1 _aКлековкин
_bГ. П.
_gГригорий Петрович
701 1 _aУльман
_bИ. Е.
_gИона Ефремович
701 1 _aМышков
_bК. Никит.
_gКонстантин Никит.
801 0 _aRU
_bNLR
_gpsbo
801 1 _aRU
_bELAR
_2rusmarc
852 _aNLR
_jП11/1538
942 _cBOOK
980 _aNB